[Event "TURNIEJ O PUCHAR UKS PALAC MLODZIEZY KATOWICE Z OKAZJI DNIA NIEPODLEGLOSCI"]
[Site "Centrum Kongresow i Rekreacji Orle Gniazdo ul. Wrzosowa 28a, Szczyrk"]
[Date "1899-12-30"]
[Round "8.8"]
[White "Turlej, Lukasz"]
[Black "Namyslak, Piotr"]
[Result "0-1"]
[WhiteTitle "k"]
[BlackTitle "I"]
[WhiteElo "2090"]
[BlackElo "1696"]

1. d4 Nf6 2. c4 g6 3. Nc3 Bg7 4. e4 d6 5. f3 O-O 6. Be3 Nc6 7. Qd2 e5 8. d5 Ne7
9. Bd3 Ne8 10. O-O-O f5 11. Nge2 Nf6 12. Rhf1 Bd7 13. Kb1 Kh8 14. g3 fxe4 15.
Nxe4 Bf5 16. Qc2 Qd7 17. Ng5 h6 18. Ne6 Bxe6 19. dxe6 Qxe6 20. Bxg6 Nxg6 21. Qxg6
Qf7 22. Qc2 Rad8 23. g4 d5 24. cxd5 Nxd5 25. Bc5 Rfe8 26. Ng3 b6 27. Bg1 Nb4 28.
Qe4 Qxa2+ 0-1

[Event "TURNIEJ O PUCHAR UKS PALAC MLODZIEZY KATOWICE Z OKAZJI DNIA NIEPODLEGLOSCI"]
[Site "Centrum Kongresow i Rekreacji Orle Gniazdo ul. Wrzosowa 28a, Szczyrk"]
[Date "1899-12-30"]
[Round "8.9"]
[White "Lorenc, Marian"]
[Black "Tylenda, Krzysztof"]
[Result "1-0"]
[WhiteTitle "k"]
[BlackTitle "I"]
[WhiteElo "1956"]
[BlackElo "1688"]

1. e4 c5 2. Nf3 Nc6 3. Bb5 g6 4. Bxc6 dxc6 5. O-O Bg7 6. d3 Nf6 7. e5 Nd5 8. Nbd2
O-O 9. Nc4 b5 10. Ne3 Qc7 11. Re1 Rd8 12. Rb1 a5 13. Nf1 Bg4 14. Qe2 Bxf3 15.
gxf3 Qc8 16. Ng3 h5 17. f4 h4 18. Ne4 Nb4 19. a3 Na6 20. Be3 Rd5 21. c4 bxc4 22.
dxc4 Rd8 23. Nxc5 Nxc5 24. Bxc5 Rd7 25. Rbd1 Qd8 26. e6 Rxd1 27. exf7+ Kxf7 28.
Qe6+ Kf8 29. Bxe7+ Ke8 30. Bxd8+ Kxd8 31. Rxd1+ Kc7 32. c5 Rb8 33. Rd7+ Kc8 34.
Qe8# 1-0

[Event "TURNIEJ O PUCHAR UKS PALAC MLODZIEZY KATOWICE Z OKAZJI DNIA NIEPODLEGLOSCI"]
[Site "Centrum Kongresow i Rekreacji Orle Gniazdo ul. Wrzosowa 28a, Szczyrk"]
[Date "1899-12-30"]
[Round "8.10"]
[White "Jarzebowski, Kacper"]
[Black "Kmiecik, Wojciech"]
[Result "1-0"]
[WhiteTitle "I+"]
[BlackTitle "I+"]
[WhiteElo "1561"]
[BlackElo "1953"]

1. g4 d5 2. Bg2 c6 3. h3 h6 4. c3 e5 5. Qc2 Nf6 6. c4 Be6 7. Nf3 Nbd7 8. b3 Qb6
9. Bb2 Bd6 10. O-O Rc8 11. d4 e4 12. Nfd2 Bb8 13. e3 Qc7 14. f4 exf3 15. Nxf3
Ne4 16. Nbd2 Ng5 17. e4 dxe4 18. Nxe4 Nxf3+ 19. Bxf3 O-O 20. Qg2 f5 21. gxf5 Bxf5
22. d5 Ne5 23. d6 Nxf3+ 24. Rxf3 Qb6+ 25. c5 Qxc5+ 26. Nxc5 g6 27. Raf1 Bxd6 28.
Rxf5 Bxc5+ 29. Rxc5 Rxf1+ 30. Qxf1 1-0

[Event "TURNIEJ O PUCHAR UKS PALAC MLODZIEZY KATOWICE Z OKAZJI DNIA NIEPODLEGLOSCI"]
[Site "Centrum Kongresow i Rekreacji Orle Gniazdo ul. Wrzosowa 28a, Szczyrk"]
[Date "1899-12-30"]
[Round "8.11"]
[White "Jankowiak, Tomasz"]
[Black "Pluta, Natalia"]
[Result "1-0"]
[WhiteTitle "I"]
[BlackTitle "I"]
[WhiteElo "1895"]
[BlackElo "1652"]

1. e4 c5 2. Nf3 d6 3. d4 cxd4 4. Nxd4 Nf6 5. f3 g6 6. c4 Bg7 7. Nc3 O-O 8. Be3
Nc6 9. Be2 Bd7 10. Qd2 Nxd4 11. Bxd4 Bc6 12. O-O Nd7 13. Be3 a5 14. Rac1 Nc5 15.
b3 Qc7 16. Rfd1 Rfb8 17. Rc2 Qd8 18. Bf1 Qe8 19. Rdc1 Qd7 20. Bxc5 dxc5 21. Qxd7
Bxd7 22. Nd5 Bd4+ 23. Kh1 Be6 24. Nxe7+ a4 1-0

[Event "TURNIEJ O PUCHAR UKS PALAC MLODZIEZY KATOWICE Z OKAZJI DNIA NIEPODLEGLOSCI"]
[Site "Centrum Kongresow i Rekreacji Orle Gniazdo ul. Wrzosowa 28a, Szczyrk"]
[Date "1899-12-30"]
[Round "8.12"]
[White "Poplawski, Maciej"]
[Black "Pedrak, Paulina"]
[Result "1-0"]
[WhiteTitle "I"]
[BlackTitle "I"]
[WhiteElo "1839"]
[BlackElo "1497"]

1. d4 d5 2. Nc3 e6 3. e4 dxe4 4. Nxe4 Nf6 5. Bg5 Be7 6. Bxf6 Bxf6 7. c3 O-O 8.
Bd3 e5 9. d5 Nd7 10. Qf3 g6 11. h4 Be7 12. g4 Nc5 13. Nxc5 Bxc5 14. Ne2 Qe7 15.
Ng3 Bd7 16. Ne4 f5 17. gxf5 Bxf5 18. O-O-O Bxe4 19. Qxe4 Rf4 20. Qe2 Rxf2 21.
Qg4 Ba3 22. Be2 Bc5 23. h5 Be3+ 24. Kb1 Qf6 25. hxg6 hxg6 26. d6 cxd6 27. Bc4+
Kg7 28. Qd7+ Kf8 29. Rxd6 Qf5+ 30. Bd3 Qxd7 31. Rxd7 Ke8 32. Rxb7 Rd8 33. Bxg6+
Kf8 34. Rh8# 1-0

[Event "TURNIEJ O PUCHAR UKS PALAC MLODZIEZY KATOWICE Z OKAZJI DNIA NIEPODLEGLOSCI"]
[Site "Centrum Kongresow i Rekreacji Orle Gniazdo ul. Wrzosowa 28a, Szczyrk"]
[Date "1899-12-30"]
[Round "8.13"]
[White "Dzwierzynski, Bartosz"]
[Black "Kaminski, Maciej"]
[Result "1/2-1/2"]
[WhiteTitle "II"]
[BlackTitle "I"]
[WhiteElo "1435"]
[BlackElo "1769"]

1. d4 Nf6 2. c4 e5 3. dxe5 Ng4 4. Bf4 g5 5. Bg3 Bg7 6. Nc3 Nc6 7. e3 Ngxe5 8. Be2
d6 9. Nf3 Nxf3+ 10. Bxf3 h6 11. Qc2 Qf6 12. Rb1 Bf5 13. Be4 Bxe4 14. Qxe4+ Qe6
15. Qxe6+ fxe6 16. O-O O-O-O 17. Ne2 Ne5 18. Nd4 Kd7 19. b3 a6 20. Rfd1 Ke7 21.
Rbc1 c5 22. Ne2 h5 23. h3 Ng6 24. Nc3 Bxc3 25. Rxc3 Ne5 26. Bxe5 dxe5 27. Rcd3
Rxd3 28. Rxd3 b5 29. Kf1 e4 30. Rc3 b4 31. Rc2 Rd8 32. Ke2 a5 33. a3 Ra8 34. Ra2
a4 35. bxa4 Rxa4 36. Kd2 bxa3 37. Kc3 Kd6 38. Kb3 Rb4+ 39. Kc3 Ra4 40. g3 Ke5
41. Kb3 Ra8 42. Rxa3 Rd8 43. Kc2 Rf8 44. Ra5 Rxf2+ 45. Kc3 Kd6 46. Ra6+ Kd7 47.
Ra7+ Kc6 48. Rg7 Rf3 49. Rxg5 Rxe3+ 50. Kd2 Rd3+ 51. Ke2 Rc3 52. Rxh5 Rxg3 53.
Rh8 Kd6 54. h4 Ke5 55. h5 Rh3 56. h6 Kf6 57. Rc8 Rxh6 58. Rxc5 Rh4 59. Ra5 e5
60. c5 Rh1 61. c6 Rc1 62. Ra6 Ke7 63. Ke3 Rc4 64. c7 Rxc7 65. Kxe4 Rc5 66. Rh6
Kf7 67. Ra6 Ke7 68. Rh6 Kf7 1/2-1/2

[Event "TURNIEJ O PUCHAR UKS PALAC MLODZIEZY KATOWICE Z OKAZJI DNIA NIEPODLEGLOSCI"]
[Site "Centrum Kongresow i Rekreacji Orle Gniazdo ul. Wrzosowa 28a, Szczyrk"]
[Date "1899-12-30"]
[Round "8.14"]
[White "Rak, Maciej"]
[Black "Bartoszewski-reiski, Olaf"]
[Result "1/2-1/2"]
[WhiteTitle "II+"]
[BlackTitle "II"]
[WhiteElo "1748"]
[BlackElo "1233"]

1. e4 c5 2. d4 cxd4 3. c3 dxc3 4. Nxc3 Nc6 5. Bc4 e6 6. Nf3 d6 7. O-O Nf6 8. Qe2
Be7 9. Rd1 e5 10. Bb5 O-O 11. Bxc6 bxc6 12. Nxe5 Qb6 13. Nc4 Qc7 14. Bf4 Rd8 15.
e5 dxe5 16. Bxe5 Rxd1+ 17. Rxd1 Qb7 18. Bxf6 gxf6 19. Na5 Qb6 20. Qxe7 Qxa5 21.
Qxf6 Bg4 22. f3 Bh5 23. Qxc6 Rb8 24. Ne4 Bg6 25. Qd6 Qb6+ 26. Qxb6 Rxb6 27. b3
Rc6 28. Rd2 Rc1+ 29. Kf2 Rh1 30. h3 Ra1 31. g4 Rh1 32. Kg2 Re1 33. Nf6+ Kg7 34.
Ne8+ Rxe8 35. Kf2 Rc8 36. Ke3 Rc2 37. Rd7 Rxa2 38. f4 Rb2 39. f5 Bxf5 40. gxf5
Rxb3+ 41. Kf4 Rxh3 42. Rxa7 Rh1 43. Ra6 Rf1+ 44. Kg5 h6+ 45. Kg4 Rg1+ 46. Kf4
h5 47. Rb6 h4 48. Rb3 Rf1+ 49. Kg5 Rh1 50. Kg4 h3 51. Rxh3 Rxh3 52. Kxh3 Kf6 53.
Kg4 Ke5 54. f6 Kxf6 55. Kf4 Ke6 56. Ke4 f6 57. Kf4 f5 58. Kf3 Ke5 59. Ke3 f4+
60. Kf3 Kf5 61. Kf2 1/2-1/2

[Event "TURNIEJ O PUCHAR UKS PALAC MLODZIEZY KATOWICE Z OKAZJI DNIA NIEPODLEGLOSCI"]
[Site "Centrum Kongresow i Rekreacji Orle Gniazdo ul. Wrzosowa 28a, Szczyrk"]
[Date "1899-12-30"]
[Round "8.15"]
[White "Polczyk, Mikolaj"]
[Black "Dyrda, Jakub"]
[Result "1-0"]
[WhiteTitle "I"]
[BlackTitle "II"]
[WhiteElo "1772"]
[BlackElo "1575"]

1. e4 Nc6 2. d4 d5 3. exd5 Qxd5 4. Be3 e5 5. c4 Bb4+ 6. Nc3 Qa5 7. Nge2 exd4 8.
Bxd4 Nxd4 9. Qxd4 Nf6 10. a3 O-O 11. O-O-O Bc5 12. Qf4 Qb6 13. Na4 Qc6 14. Nxc5
Qxc5 15. Nc3 Be6 16. Be2 a6 17. Qd4 Qa5 18. Kb1 c6 19. g4 b5 20. g5 Nd7 21. Ne4
c5 22. Qd2 b4 23. Ka2 Qa4 24. Rc1 bxa3 25. bxa3 Ne5 26. Qc2 Qc6 27. f4 Nd7 28.
Bf3 Qc7 29. Rhd1 Nb6 30. Nd6 Rad8 31. Nb7 Rxd1 32. Rxd1 Bxc4+ 33. Ka1 Bb5 34.
Qxc5 Qxc5 35. Nxc5 Nc4 36. Ka2 Re8 37. Bd5 Re2+ 38. Ka1 Nxa3 39. Bb3 Nc2+ 40.
Bxc2 Rxc2 41. Rd8+ 1-0

[Event "TURNIEJ O PUCHAR UKS PALAC MLODZIEZY KATOWICE Z OKAZJI DNIA NIEPODLEGLOSCI"]
[Site "Centrum Kongresow i Rekreacji Orle Gniazdo ul. Wrzosowa 28a, Szczyrk"]
[Date "1899-12-30"]
[Round "8.16"]
[White "Krzysztynska, Anna"]
[Black "Rudecki, Bartosz"]
[Result "0-1"]
[WhiteTitle "I"]
[BlackTitle "II+"]
[WhiteElo "1487"]
[BlackElo "1738"]

1. e4 e5 2. Nf3 Nc6 3. Bb5 f5 4. d3 fxe4 5. dxe4 Bc5 6. Nc3 d6 7. O-O Nf6 8. Nd5
O-O 9. Bg5 Be6 10. Bxf6 gxf6 11. Nh4 Ne7 12. Bc4 c6 13. Nxe7+ Qxe7 14. Qg4+ Kh8
15. Bxe6 f5 16. Nxf5 Qf6 17. Ne3 Rae8 18. Bf5 Rg8 19. Qh5 Re7 20. Kh1 Reg7 21.
g3 Rf8 22. Ng4 Qe7 23. a3 a5 24. Nh6 Rg5 25. Qh3 Qg7 26. Ng4 Rfxf5 27. exf5 Rxg4
28. Qh5 Rg5 29. Qe8+ Qg8 30. Qe7 Rg7 31. Qf6 Qf7 32. Qxf7 Rxf7 33. g4 b5 34. Kg2
a4 35. Rad1 Kg7 36. Rd3 h5 37. h3 hxg4 38. hxg4 Kf6 39. Rh1 e4 40. Rdh3 Ke5 41.
c3 Kf4 42. f3 e3 43. Kf1 Re7 44. Ke2 d5 45. f6 Rf7 46. Rh6 d4 47. cxd4 Bxd4 48.
Rb1 Bxf6 49. b4 Bg5 50. Rxc6 Rd7 51. Rd1 Rxd1 52. Kxd1 Kxf3 53. Rc5 e2+ 54. Ke1
Bh4+ 55. Kd2 e1=Q+ 56. Kc2 Qf2+ 57. Kb1 Qf1+ 58. Kc2 Qg2+ 59. Kd3 Qe2+ 60. Kc3
Be1+ 61. Kd4 Bf2+ 62. Kd5 Bxc5 63. bxc5 Kxg4 64. c6 Kf5 65. Kc5 Ke5 66. Kb6 Kd6
67. c7 Qc4 68. Ka6 Qxc7 69. Kxb5 Qc5+ 70. Kxa4 Qa7+ 71. Kb4 Kc6 72. a4 Kb6 73.
Ka3 Ka5 74. Kb3 Qe3+ 75. Kc2 Kxa4 76. Kb1 Qf2 77. Ka1 Kb3 0-1

[Event "TURNIEJ O PUCHAR UKS PALAC MLODZIEZY KATOWICE Z OKAZJI DNIA NIEPODLEGLOSCI"]
[Site "Centrum Kongresow i Rekreacji Orle Gniazdo ul. Wrzosowa 28a, Szczyrk"]
[Date "1899-12-30"]
[Round "8.17"]
[White "Kupiecki, Szymon"]
[Black "Bartkiewicz, Pawel"]
[Result "1-0"]
[WhiteTitle "II"]
[BlackTitle "I"]
[WhiteElo "1458"]
[BlackElo "1698"]

1. e4 c6 2. d4 d5 3. exd5 cxd5 4. Bd3 Nc6 5. c3 Qc7 6. Bg5 e6 7. Nd2 Be7 8. Bxe7
Ngxe7 9. Ngf3 Ng6 10. O-O O-O 11. Re1 Bd7 12. Nb3 a5 13. Nc5 Rfc8 14. Nxd7 Qxd7
15. Bxg6 hxg6 16. Ne5 Nxe5 17. Rxe5 b5 18. Re3 b4 19. Rc1 Qb5 20. Rh3 f6 21. Qg4
Kf7 22. Re3 Ra6 23. h4 a4 24. h5 gxh5 25. Qxh5+ Ke7 26. Qg6 Qe8 27. Qxg7+ Qf7
28. Qxf7+ Kxf7 29. Ree1 bxc3 30. Rxc3 Rxc3 31. bxc3 Rc6 32. Rc1 e5 33. dxe5 fxe5
34. Kf1 d4 35. Ke2 e4 36. f3 exf3+ 37. gxf3 dxc3 38. Kd3 Rf6 39. Ke4 Rc6 1-0

[Event "TURNIEJ O PUCHAR UKS PALAC MLODZIEZY KATOWICE Z OKAZJI DNIA NIEPODLEGLOSCI"]
[Site "Centrum Kongresow i Rekreacji Orle Gniazdo ul. Wrzosowa 28a, Szczyrk"]
[Date "1899-12-30"]
[Round "8.18"]
[White "Posluszny, Tomasz"]
[Black "Ossolinska, Matylda"]
[Result "0-1"]
[WhiteTitle "II"]
[BlackTitle "I"]
[WhiteElo "1627"]
[BlackElo "1460"]

1. d4 d5 2. c4 c6 3. Nf3 Nf6 4. Nc3 e6 5. cxd5 cxd5 6. Bg5 Nbd7 7. e3 a6 8. Be2
Be7 9. O-O O-O 10. Rc1 h6 11. Bf4 b5 12. a4 b4 13. Na2 a5 14. Bc7 Qe8 15. Bb5
Ba6 16. Qe2 Bxb5 17. axb5 Bd8 18. Bd6 Be7 19. Bc7 Bd8 20. Ne5 Nxe5 21. dxe5 Nd7
22. f4 f6 23. exf6 Nxf6 24. b6 Bxc7 25. Rxc7 Qb8 26. Qb5 Rc8 27. Rfc1 Rxc7 28.
Rxc7 Ne8 29. Rc2 Qb7 30. Qc6 Qxc6 31. Rxc6 Kf7 32. Nc1 a4 33. Nd3 a3 34. Ne5+
Kg8 35. bxa3 bxa3 36. b7 Rb8 37. Rc8 a2 38. Rc1 Rxb7 39. Kf2 Rb1 0-1

[Event "TURNIEJ O PUCHAR UKS PALAC MLODZIEZY KATOWICE Z OKAZJI DNIA NIEPODLEGLOSCI"]
[Site "Centrum Kongresow i Rekreacji Orle Gniazdo ul. Wrzosowa 28a, Szczyrk"]
[Date "1899-12-30"]
[Round "8.19"]
[White "Przepiora, Anna"]
[Black "Zylinski, Piotr"]
[Result "1-0"]
[WhiteTitle "II+"]
[BlackTitle "I"]
[WhiteElo "1354"]
[BlackElo "1618"]

1. e4 Nf6 2. e5 Nd5 3. c4 Nb6 4. d4 d6 5. exd6 cxd6 6. Nc3 g6 7. Bd3 Bg7 8. Be3
O-O 9. Nge2 Nc6 10. O-O e6 11. Qd2 d5 12. c5 Nd7 13. Bh6 Nf6 14. Bxg7 Kxg7 15.
a3 b6 16. b4 a5 17. b5 Ne7 18. c6 Qc7 19. h3 e5 20. dxe5 Qxe5 21. Qf4 Qxf4 22.
Nxf4 Be6 23. a4 Nf5 24. Bxf5 gxf5 25. Rad1 Rfd8 26. Rfe1 Rd6 27. Nce2 Ne4 28.
Nd4 Kf6 29. Re3 Rc8 30. Rde1 Re8 31. Nh5+ Kg6 32. Ng3 f4 33. Nxe4 fxe3 34. Nxd6
exf2+ 35. Kxf2 Rd8 36. Nxe6 fxe6 37. Rxe6+ Kg5 38. c7 Rf8+ 39. Kg1 d4 40. c8=Q
d3 41. Qxf8 d2 42. Qf5+ Kh4 43. Re4+ Kg3 44. Qf4# 1-0

[Event "TURNIEJ O PUCHAR UKS PALAC MLODZIEZY KATOWICE Z OKAZJI DNIA NIEPODLEGLOSCI"]
[Site "Centrum Kongresow i Rekreacji Orle Gniazdo ul. Wrzosowa 28a, Szczyrk"]
[Date "1899-12-30"]
[Round "8.21"]
[White "Marczak, Szymon"]
[Black "Lascar, Maria Elena"]
[Result "1-0"]
[WhiteTitle "I"]
[BlackTitle "I+"]
[WhiteElo "1578"]
[BlackElo "1340"]

1. e4 c5 2. Nf3 e6 3. b3 Nc6 4. Bb2 d5 5. exd5 exd5 6. Bb5 Bd7 7. Qe2+ Qe7 8. Qxe7+
Ngxe7 9. O-O O-O-O 10. Ng5 Be8 11. a3 f6 12. Ne6 Rd6 13. Re1 b6 14. Nc3 d4 15.
Ba6+ Kd7 16. Nxf8+ Rxf8 17. Ne4 Re6 18. Bc4 Re5 19. f4 Rh5 20. g4 Rh4 21. Ng3
Rxg4 22. Be6+ Kc7 23. Bxg4 Ng6 24. f5 Nge5 25. h3 Nxg4 26. hxg4 Ne5 27. Rf1 Bc6
28. d3 Nxg4 29. Ne4 Ne3 30. Rf2 Re8 31. Bc1 Bxe4 32. dxe4 Rxe4 33. Bxe3 Rxe3 34.
Rg2 Re7 35. Kf2 g5 36. fxg6 hxg6 37. Rxg6 Rf7 38. Rh1 Kd6 39. Re1 b5 40. Rh6 c4
41. bxc4 bxc4 42. Rd1 Ke5 43. Rh5+ f5 44. Rh4 f4 45. Kf3 Rd7 46. Rh5+ Kf6 47.
Kxf4 a6 48. Ke4 Kg6 49. Rd5 Re7+ 50. Kxd4 1-0

[Event "TURNIEJ O PUCHAR UKS PALAC MLODZIEZY KATOWICE Z OKAZJI DNIA NIEPODLEGLOSCI"]
[Site "Centrum Kongresow i Rekreacji Orle Gniazdo ul. Wrzosowa 28a, Szczyrk"]
[Date "1899-12-30"]
[Round "8.23"]
[White "Kawalko, Adam"]
[Black "Chodorowski, Adrian"]
[Result "1-0"]
[WhiteTitle "II+"]
[BlackTitle "II"]
[WhiteElo "1703"]
[BlackElo "1392"]

1. e4 c5 2. Nf3 Nc6 3. d4 cxd4 4. Nxd4 g6 5. c4 Bg7 6. Be3 Nf6 7. Nc3 O-O 8. Bd3
d6 9. O-O Bd7 10. Rc1 Rc8 11. b3 b6 12. Kh1 Ng4 13. Be2 Nxe3 14. fxe3 Qc7 15.
Ndb5 Qb7 16. Nd5 Be6 17. Bg4 Bxg4 18. Qxg4 a6 19. Nbc3 Ne5 20. Qe2 Rfe8 21. Nf4
Nd7 22. Rfd1 Nf6 23. Qf3 b5 24. cxb5 axb5 25. Ncd5 Nxd5 26. exd5 Rxc1 27. Rxc1
Rc8 28. Qd1 Rc3 29. Rxc3 Bxc3 30. Qd3 Qc7 31. Qxb5 Bd2 32. Qc4 Qxc4 33. bxc4 Bxe3
34. Nd3 Bc5 35. Nxc5 dxc5 36. Kg1 Kf8 37. Kf2 Ke8 38. Ke3 Kd7 39. Ke4 Kd6 40.
g4 Kc7 41. h4 Kb6 42. Ke5 Kc7 43. g5 Kd7 44. d6 exd6+ 45. Kd5 Ke7 46. a4 f6 47.
gxf6+ Kxf6 48. a5 g5 49. hxg5+ Kxg5 50. a6 h5 51. a7 h4 52. a8=Q h3 53. Qa2 Kg4
54. Qh2 Kh4 55. Kxd6 Kg4 56. Kxc5 1-0

[Event "TURNIEJ O PUCHAR UKS PALAC MLODZIEZY KATOWICE Z OKAZJI DNIA NIEPODLEGLOSCI"]
[Site "Centrum Kongresow i Rekreacji Orle Gniazdo ul. Wrzosowa 28a, Szczyrk"]
[Date "1899-12-30"]
[Round "8.24"]
[White "Lendzion, Kamil"]
[Black "Dixa, Stanislaw"]
[Result "1-0"]
[WhiteTitle "II"]
[BlackTitle "I"]
[WhiteElo "1388"]
[BlackElo "1667"]

1. e4 c5 2. Nf3 e6 3. d4 cxd4 4. Nxd4 a6 5. Nc3 Qc7 6. Be3 Nf6 7. Bd3 Bb4 8. Bd2
O-O 9. O-O Be7 10. Kh1 d6 11. Qf3 b5 12. a3 Bb7 13. Qh3 Nbd7 14. Rfe1 Ne5 15.
f4 Nxd3 16. cxd3 Bc8 17. Qe3 e5 18. Nde2 Ng4 19. Qf3 Qc5 20. Rf1 Bh4 21. Be1 Bxe1
22. Raxe1 Ne3 23. Rg1 Bg4 24. Qg3 exf4 25. Nxf4 Nc2 26. Rc1 Nd4 27. Qxg4 Rac8
28. Nfd5 Nb3 29. Rcd1 Rfe8 30. Nf6+ Kh8 31. Nxe8 Rxe8 32. Qd7 Rf8 33. Rgf1 Nd4
34. Rxf7 Rg8 1-0

[Event "TURNIEJ O PUCHAR UKS PALAC MLODZIEZY KATOWICE Z OKAZJI DNIA NIEPODLEGLOSCI"]
[Site "Centrum Kongresow i Rekreacji Orle Gniazdo ul. Wrzosowa 28a, Szczyrk"]
[Date "1899-12-30"]
[Round "8.25"]
[White "Wangrat, Jan"]
[Black "Raclawicki, Kacper"]
[Result "0-1"]
[WhiteTitle "II"]
[BlackTitle "I"]
[WhiteElo "1373"]
[BlackElo "1619"]

1. e4 c5 2. Nf3 Nc6 3. d4 cxd4 4. Nxd4 Qb6 5. Nxc6 bxc6 6. Bc4 Nf6 7. Nc3 e6 8.
O-O d5 9. exd5 cxd5 10. Bb5+ Bd7 11. Bxd7+ Nxd7 12. Be3 Bc5 13. Na4 Qc7 14. Nxc5
Nxc5 15. Qd4 0-1

[Event "TURNIEJ O PUCHAR UKS PALAC MLODZIEZY KATOWICE Z OKAZJI DNIA NIEPODLEGLOSCI"]
[Site "Centrum Kongresow i Rekreacji Orle Gniazdo ul. Wrzosowa 28a, Szczyrk"]
[Date "1899-12-30"]
[Round "8.26"]
[White "Surpeta, Julia"]
[Black "Gredka, Dominika"]
[Result "0-1"]
[WhiteTitle "I"]
[BlackTitle "I++"]
[WhiteElo "1349"]
[BlackElo "1614"]

1. d4 e6 2. Nc3 b6 3. e4 Bb7 4. f3 Bb4 5. Bd2 f5 6. e5 Ne7 7. Bd3 O-O 8. Nge2 d6
9. f4 Nd7 10. a3 Bxc3 11. Bxc3 dxe5 12. dxe5 Nc5 13. Qd2 Nxd3+ 14. cxd3 Bxg2 15.
Rg1 Bb7 16. O-O-O Ng6 17. Kb1 c5 18. Ng3 c4 19. d4 Qh4 20. Rdf1 Be4+ 21. Nxe4
fxe4 22. d5 Nxf4 23. d6 Nd5 24. Re1 Rf2 25. Qd4 Qxh2 26. Rh1 Nxc3+ 27. Qxc3 Qg2
28. Reg1 Qf3 29. Qxc4 Qf5 30. Ka1 Qxe5 31. Qb4 Rd8 32. Rd1 e3 33. Rhe1 Rf4 34.
Qb3 e2 35. Rc1 Rf1 36. Rxf1 exf1=Q 37. Rxf1 Qxd6 38. Re1 Re8 39. Qa4 Qe7 40. Qc4
Qf7 41. Qc6 e5 42. Qe4 Qf6 43. Qc4+ Kh8 44. Qa4 Qe6 45. Qxa7 e4 0-1

[Event "TURNIEJ O PUCHAR UKS PALAC MLODZIEZY KATOWICE Z OKAZJI DNIA NIEPODLEGLOSCI"]
[Site "Centrum Kongresow i Rekreacji Orle Gniazdo ul. Wrzosowa 28a, Szczyrk"]
[Date "1899-12-30"]
[Round "8.27"]
[White "Koseski, Damian"]
[Black "Skrzypczynski, Kacper"]
[Result "1-0"]
[WhiteTitle "I"]
[BlackTitle "II"]
[WhiteElo "1611"]
[BlackElo "1340"]

1. d4 d5 2. c4 Nf6 3. Nc3 e6 4. Bf4 Bd6 5. Bxd6 cxd6 6. e3 Nc6 7. cxd5 exd5 8.
Bd3 Be6 9. Nf3 O-O 10. O-O Bg4 11. h3 Bxf3 12. Qxf3 Nb4 13. Bb1 Qe7 14. a3 Nc6
15. Nxd5 Nxd5 16. Qxd5 Qe6 17. Ba2 Qxd5 18. Bxd5 Rac8 19. Rac1 Rfd8 20. Rc3 Rd7
21. Rfc1 Rdc7 22. b4 a6 23. a4 Re7 24. b5 axb5 25. axb5 Rec7 26. bxc6 bxc6 27.
Rxc6 Rxc6 28. Bxc6 Kf8 29. d5 Ke7 30. f4 f6 31. Rb1 Rc7 32. Kf2 g5 33. Rb7 Rxb7
34. Bxb7 gxf4 35. exf4 h6 36. Kf3 Kf7 37. Kg4 Kg6 38. Bc8 h5+ 39. Kh4 Kh6 40.
Bf5 Kg7 41. Kxh5 Kf7 42. g4 Ke7 43. h4 Kd8 44. g5 fxg5 45. hxg5 Kc7 46. g6 Kb6
47. g7 Kc5 48. Be6 Kb6 1-0

[Event "TURNIEJ O PUCHAR UKS PALAC MLODZIEZY KATOWICE Z OKAZJI DNIA NIEPODLEGLOSCI"]
[Site "Centrum Kongresow i Rekreacji Orle Gniazdo ul. Wrzosowa 28a, Szczyrk"]
[Date "1899-12-30"]
[Round "8.28"]
[White "Wojtas, Julia"]
[Black "Karwat, Szymon"]
[Result "0-1"]
[WhiteTitle "I"]
[BlackTitle "II"]
[WhiteElo "1306"]
[BlackElo "1603"]

1. e4 c5 2. Nf3 a6 3. Nc3 e6 4. d4 cxd4 5. Nxd4 Qc7 6. Be2 Nf6 7. O-O Bb4 8. Bg5
Bxc3 9. Bxf6 gxf6 10. bxc3 Qxc3 11. Rb1 b5 12. Rb3 Qc7 13. f4 Bb7 14. Qd3 Nc6
15. Nxc6 Bxc6 16. Rc3 O-O-O 17. Bf3 Qb6+ 18. Kh1 Kb8 19. Rb3 d5 20. exd5 Bxd5
21. c4 Bxf3 22. Qxf3 Rd4 23. Rfb1 Rxc4 24. f5 Rhc8 25. Qg3+ Ka7 26. h3 Rc1+ 27.
Rxc1 Rxc1+ 28. Kh2 Qg1# 0-1

[Event "TURNIEJ O PUCHAR UKS PALAC MLODZIEZY KATOWICE Z OKAZJI DNIA NIEPODLEGLOSCI"]
[Site "Centrum Kongresow i Rekreacji Orle Gniazdo ul. Wrzosowa 28a, Szczyrk"]
[Date "1899-12-30"]
[Round "8.29"]
[White "Sloniewski, Michal"]
[Black "Jurkiewicz, Zuzanna"]
[Result "1-0"]
[WhiteTitle "I"]
[BlackTitle "I+"]
[WhiteElo "1327"]
[BlackElo "1551"]

1. d4 Nf6 2. c4 c5 3. d5 e6 4. Nc3 exd5 5. cxd5 d6 6. e4 g6 7. Nf3 Bg7 8. Bf4 a6
9. Bd3 O-O 10. O-O Re8 11. Qc2 b5 12. b3 Qb6 13. e5 dxe5 14. Bxe5 Nbd7 15. Bg3
Bb7 16. d6 Nd5 17. Nxd5 Bxd5 18. Rae1 Bxf3 19. gxf3 Rad8 20. Be4 Ne5 21. Rd1 Rxd6
22. Rxd6 Qxd6 23. Rd1 Qf6 24. f4 Ng4 25. Bf3 Nh6 26. Qxc5 Nf5 27. Qc1 Nxg3 28.
hxg3 Qb6 29. Re1 Rxe1+ 30. Qxe1 Qd8 31. Qe2 Bf6 1-0

[Event "TURNIEJ O PUCHAR UKS PALAC MLODZIEZY KATOWICE Z OKAZJI DNIA NIEPODLEGLOSCI"]
[Site "Centrum Kongresow i Rekreacji Orle Gniazdo ul. Wrzosowa 28a, Szczyrk"]
[Date "1899-12-30"]
[Round "8.30"]
[White "Klok, Kacper"]
[Black "Jaszczuk, Mateusz"]
[Result "1-0"]
[WhiteTitle "II"]
[BlackTitle "II"]
[WhiteElo "1489"]
[BlackElo "1328"]

1. b4 b5 2. e4 Bb7 3. Nc3 e5 4. a3 a6 5. Bb2 h5 6. h4 Nc6 7. Nf3 Nf6 8. d3 d6 9.
Bc1 Bc8 10. Bg5 Bg4 11. Nd5 Be7 12. Be2 Nd4 13. Nxd4 Nxd5 14. Bxe7 Nxe7 15. c3
Bxe2 16. Nxe2 c6 17. d4 exd4 18. cxd4 d5 19. e5 Nf5 20. Qc2 g6 21. Qxc6+ Kf8 22.
Rc1 Kg7 23. g3 Rc8 24. Qxa6 Rxc1+ 25. Nxc1 Nxd4 26. O-O Re8 27. f4 f6 28. Qa7+
Qe7 29. Qxd4 fxe5 30. Qxd5 e4 31. Ne2 Qa7+ 32. Qd4+ Qxa3 33. Qxg7 1-0

[Event "TURNIEJ O PUCHAR UKS PALAC MLODZIEZY KATOWICE Z OKAZJI DNIA NIEPODLEGLOSCI"]
[Site "Centrum Kongresow i Rekreacji Orle Gniazdo ul. Wrzosowa 28a, Szczyrk"]
[Date "1899-12-30"]
[Round "8.31"]
[White "Socha, Krzysztof"]
[Black "Kietrys, Maciej"]
[Result "1/2-1/2"]
[WhiteTitle "II+"]
[BlackTitle "II"]
[WhiteElo "1468"]
[BlackElo "1285"]

1. e4 e5 2. f4 exf4 3. Nf3 g5 4. Bc4 Bg7 5. d4 h6 6. O-O Ne7 7. c3 O-O 8. Nbd2
d5 9. exd5 Nxd5 10. Ne4 Bf5 11. Re1 Re8 12. Qb3 c6 13. Qxb7 Bxe4 14. Qxa8 Nb6
15. Qxa7 Re7 16. Qa5 Qd7 17. Bf1 Nd5 18. Qa3 Re8 19. Bd2 Bf6 20. Rab1 g4 21. Ne5
Bxe5 22. dxe5 Rxe5 23. Bc4 Re8 24. Bxd5 Qxd5 25. Bxf4 Rd8 26. Qb3 Qxb3 27. axb3
Bxb1 28. Rxb1 Re8 29. Bxb8 Rxb8 30. b4 Re8 31. Kf2 Kg7 32. Re1 Rd8 33. Re2 Kg6
34. c4 Rd4 35. Rc2 Kg5 36. c5 f5 37. b5 1/2-1/2

[Event "TURNIEJ O PUCHAR UKS PALAC MLODZIEZY KATOWICE Z OKAZJI DNIA NIEPODLEGLOSCI"]
[Site "Centrum Kongresow i Rekreacji Orle Gniazdo ul. Wrzosowa 28a, Szczyrk"]
[Date "1899-12-30"]
[Round "8.32"]
[White "Kalkowski, Igor"]
[Black "Burzak, Wojciech"]
[Result "1-0"]
[WhiteTitle "II"]
[BlackTitle "I"]
[WhiteElo "1284"]
[BlackElo "1435"]

1. d4 d5 2. Nc3 Nc6 3. Nf3 Bg4 4. e3 Nf6 5. h3 Bxf3 6. Qxf3 e6 7. Bb5 Qd6 8. Bd2
a6 9. Bxc6+ Qxc6 10. O-O Bd6 11. Rfe1 O-O 12. e4 dxe4 13. Nxe4 Nxe4 14. Qxe4 Qxe4
15. Rxe4 Rad8 16. c3 c5 17. Be3 cxd4 18. Bxd4 Rc8 19. Rd1 Rfd8 20. Rde1 Bc5 21.
Bxc5 Rxc5 22. g3 Rcd5 23. Kg2 Kf8 24. R1e2 R8d6 25. R4e3 Ke7 26. f4 Kf6 27. Kf3
Rb6 28. b3 Rbd6 29. c4 Rd2 30. g4 Rxe2 31. Rxe2 Rd3+ 32. Re3 Rd2 33. Re2 Rxe2
34. Kxe2 e5 35. Kf3 exf4 36. Kxf4 Ke6 37. h4 f6 38. Ke4 g6 39. a3 h6 40. b4 h5
41. gxh5 gxh5 42. Kf4 f5 43. a4 Kd6 44. Kxf5 Kc6 45. Kg5 b5 46. axb5+ axb5 47.
c5 1-0